000 01124nam a22003137a 4500
003 CHAP
005 20220329143502.0
008 100122s2004 mx r 00010 spa d
010 _a97359
011 _a98331
035 _a109016
040 _cCHAP
090 _aFolleto 17493
110 2 _aMéxico. Leyes, decretos, etc.
_977071
245 1 0 _aLey de la responsabilidad civil por daño y deterioro ambiental del estado de Tabasco
_c/por Comisión de Ecología, Recursos Naturales y Desarrollo Sustentable
260 _aVillahermosa, Tab. :
_bCongreso del Estado de Tabasco. LVIII Legislatura,
_c2004
300 _a14 p.
590 _aBATCH-UPD
_b10
_c20130110
_lUCH01
_h1624
590 _aBATCH-UPD
_b10
_c20130410
_lUCH01
_h1018
590 _aBATCH-UPD
_b10
_c20130914
_lUCH01
_h1809
590 _aCONVERSION
_b10
_c20130109
_lUCH01
_h1354
650 1 4 _aMedio ambiente
_xContaminación.
_974069
650 1 4 _aMedio ambiente
_xLeyes.
_974098
650 1 4 _aMedio ambiente
_xProtección.
_974106
901 _aBK
911 _aen proceso
942 _cFOLL
949 _aFolleto 17493
_bBC
_cFOLL
_d33724002138603
_eTS1
_i109016
_sb
999 _c97359
_d97359